| 000 | 00937nam a2200217Ia 4500 | ||
|---|---|---|---|
| 003 | OSt | ||
| 005 | 20200805144716.0 | ||
| 008 | 191128s2006 us ad fr 000 0 spa d | ||
| 040 |
_aCO-JMCR _cCO-JMCR |
||
| 041 | 0 | _aspa | |
| 082 | 0 | 4 |
_a343.07 / _bG943g _223 |
| 245 | 0 | 0 |
_aGuía sobre buenas prácticas para los financiadores de las microfinanzas : _bdirectrices de consenso sobre microfinanzas / |
| 250 | _aSegunda edición | ||
| 260 |
_aWashington : _bBanco Mundial, _c2006 |
||
| 300 |
_aix, 50 páginas : _bgráficas a blanco y negro ; _c26 cm. |
||
| 505 | 0 | _aLa visión de los sistemas financieros incluyentes -- Conocimiento de las necesidades de los clientes de escasos recursos -- Creación de sistemas financieros incluyentes -- Garantizar la eficacia de los organismos de cooperación | |
| 650 | 1 | 4 |
_aMicroempresas _98453 |
| 650 | 1 | 4 |
_aCréditos para pobres _98454 |
| 650 | 1 | 4 |
_aSistemas económicos _98455 |
| 942 |
_2ddc _cBK |
||
| 999 |
_c3918 _d3918 |
||